| 000 | | | 04311nmc2a2200000 x 450 |
| 001 | | | 5854aadf-487c-4c6c-8851-a4467380dbfc |
| 005 | | | 20171115124828.0 |
| 100 | ## | $a | 20151210l18141814k l0rusy0189 ca |
| 101 | 0# | $a | rus |
| 102 | ## | $a | RU |
| 200 | 1# | $a | Дело о запрещении употреблять в гимназиях в качестве учебника "Краткую российскую грамматику" И. Левицкого |
| | $j | 4-24 декабря 1814 г. |
| 251 | ## | $c | Дело |
| 300 | ## | $a | Дело |
| 300 | ## | $a | Ориг. заголовок дела: Дело по отношению господина министра народного просвещения о неупотреблении в публичных и частных училищах "Краткой Российской грамматики", сочинённой господином Левицким. 4 декабря 1814 г. - 24 декабря 1814 г |
| 801 | #0 | $a | RU |
| | $b | РГИА |
| | $c | 20151210 |
| | $g | RCR |
| 801 | #1 | $a | RU |
| | $b | ГлавНИВЦ |
| | $c | 20151210 |
| | $2 | rusmarc |
| 801 | #2 | $a | RU |
| | $b | ПБ им. Б.Н. Ельцина |
| | $c | 20171115 |
| | $g | RCR |
| | $2 | rusmarc |
| 850 | ## | $a | РГИА |
| 852 | ## | $a | РГИА |
| | $e | Федеральное казенное учреждение "Российский государственный исторический архив" (РГИА) |
| | $j | 303 |
| 937 | ## | $h | РГИА |
| | $d | 12186852 |
| | $a | ASBIBLIO_SCAN |
| 462 | #0 | $1 | 001a72b6b5a-b506-4d67-873a-f622b4f5e56d |
| | $1 | 2001 |
| | $a | Дела Департамента народного просвещения по цензурной части |
| | $1 | 251 |
| | $c | Опись |
| | $1 | 852 |
| | $j | 118 |
| 461 | #0 | $1 | 001a74412a3-3cc5-4d21-8f0a-dfe2fbd9e72d |
| | $1 | 2001 |
| | $a | Департамент народного просвещения Министерства народного просвещения (1803-1917) |
| | $1 | 251 |
| | $c | Фонд |
| | $1 | 852 |
| | $j | 733 |
| 215 | ## | $a | 6 л. |
| | $d | 36,5х26 см |
| 371 | ## | $a | Документ не является опубликованным и широко распространяемым |
| 105 | ## | $a | y### |
| 122 | 2# | $a | d |
| 517 | 1# | $a | Дело по отношению господина министра народного просвещения о неупотреблении в публичных и частных училищах "Краткой Российской грамматики", сочинённой господином Левицким. 4 декабря 1814 г. - 24 декабря 1814 г |
| 035 | ## | $a | 5854aadf-487c-4c6c-8851-a4467380dbfc |
| 856 | ## | $u | http://readingroom.main.prlib.ru/item.aspx?id_node=n109056263&mode=full |